Sounder / (Record no. 4603)

MARC details
000 -LEADER
fixed length control field 00984nam a22002657a 4500
001 - CONTROL NUMBER
control field 4603
003 - CONTROL NUMBER IDENTIFIER
control field FISKH
005 - DATE AND TIME OF LATEST TRANSACTION
control field 20240918085234.0
008 - FIXED-LENGTH DATA ELEMENTS--GENERAL INFORMATION
fixed length control field 240918b cb ||||| |||| 00| 0 eng d
020 ## - INTERNATIONAL STANDARD BOOK NUMBER
International Standard Book Number 9780064400206
040 ## - CATALOGING SOURCE
Original cataloging agency FISKH
Language of cataloging eng
Transcribing agency FISKH
Modifying agency FISKH
050 ## - LIBRARY OF CONGRESS CALL NUMBER
Classification number PZ7.A73394
082 ## - DEWEY DECIMAL CLASSIFICATION NUMBER
Edition number 823.9
100 ## - MAIN ENTRY--PERSONAL NAME
Personal name H.Armstrong, William
Dates associated with a name (1911–1999)
245 ## - TITLE STATEMENT
Title Sounder /
Statement of responsibility, etc. William H.Armstrong Illustrations by James Barkley
250 ## - EDITION STATEMENT
Edition statement Revised Harper Trophy edition in 2002
260 ## - PUBLICATION, DISTRIBUTION, ETC.
Place of publication, distribution, etc. New York :
Name of publisher, distributor, etc. HarperTrophy,
Date of publication, distribution, etc. 2002.
300 ## - PHYSICAL DESCRIPTION
Extent 116 pages :
Other physical details Illustrations ;
Dimensions 20cm
520 ## - SUMMARY, ETC.
Summary, etc. Angry and humiliated when his sharecropper father is jailed for stealing food for his family, a young black boy grows in courage and understanding by learning to read and with the help of the devoted dog Sounder.
650 ## - SUBJECT ADDED ENTRY--TOPICAL TERM
Source of heading or term Historical fiction
Topical term or geographic name entry element Animals
650 ## - SUBJECT ADDED ENTRY--TOPICAL TERM
Source of heading or term Newbery Medal
Topical term or geographic name entry element Young adult
700 ## - ADDED ENTRY--PERSONAL NAME
Personal name Barkley, James
Dates associated with a name Illustrator
942 ## - ADDED ENTRY ELEMENTS (KOHA)
Source of classification or shelving scheme Dewey Decimal Classification
Koha item type Books
Suppress in OPAC No
Holdings
Withdrawn status Lost status Source of classification or shelving scheme Damaged status Not for loan Collection Home library Current library Shelving location Date acquired Total Checkouts Full call number Barcode Date last seen Date last checked out Copy number Price effective from Koha item type
    Dewey Decimal Classification     Juvenile Fiction Footprints International School Library Network Toul Kork Campus Footprints International School Library Network Toul Kork Campus TTP Secondary Fiction Bookshelves 09/18/2024 1 ARM 823.9 PZ7.A73394 2024-1999 03/24/2025 03/04/2025 1 09/18/2024 Books